Vāl̲aiyaṭi vāl̲ai. (Record no. 79075)

MARC details
000 -LEADER
fixed length control field 00758cam a22002531 4500
001 - CONTROL NUMBER
control field sa 68002903
003 - CONTROL NUMBER IDENTIFIER
control field DLC
005 - DATE AND TIME OF LATEST TRANSACTION
control field 20260227112447.0
008 - FIXED-LENGTH DATA ELEMENTS--GENERAL INFORMATION
fixed length control field 830810s1966 ii 000 0 tamx
010 ## - LIBRARY OF CONGRESS CONTROL NUMBER
LC control number sa 68002903
020 ## - INTERNATIONAL STANDARD BOOK NUMBER
Terms of availability Rs3
025 ## - OVERSEAS ACQUISITION NUMBER
Overseas acquisition number PL480:I-T-1964
035 ## - SYSTEM CONTROL NUMBER
System control number (OCoLC)21528547
040 ## - CATALOGING SOURCE
Original cataloging agency DLC
Transcribing agency NN
Modifying agency DLC
050 00 - LIBRARY OF CONGRESS CALL NUMBER
Classification number PL4758.2
Item number .B3
100 1# - MAIN ENTRY--PERSONAL NAME
Personal name Pālacuppiramaṇiyan̲, Ci.,
Dates associated with a name 1935-1998.
245 10 - TITLE STATEMENT
Title Vāl̲aiyaṭi vāl̲ai.
Statement of responsibility, etc. [El̲utiyavar] Ci. Pālacuppiramaṇiyan̲.
250 ## - EDITION STATEMENT
Edition statement [1. patippu]
260 ## - PUBLICATION, DISTRIBUTION, ETC.
Place of publication, distribution, etc. Cen̲n̲ai,
Name of publisher, distributor, etc. vir̲pan̲ai urimai: Pāri Nilaiyam
Date of publication, distribution, etc. [1966]
300 ## - PHYSICAL DESCRIPTION
Extent 172 p.
Dimensions 18 cm.
490 0# - SERIES STATEMENT
Series statement Nar̲umalarp Patippaka veḷiyīṭu
500 ## - GENERAL NOTE
General note In Tamil.
650 #0 - SUBJECT ADDED ENTRY--TOPICAL TERM
Topical term or geographic name entry element Tamil poetry
General subdivision History and criticism.

No items available.

Powered by Koha